000 00602nam a2200217Ii 4500
003 JO-AjNU
008 230606s9999||||xx |||||||||||||| ||und||
020 _a81-7141-094-4
040 _aJO-AjNU
_beng
_erda
_cJO-AjNU
041 _aeng
050 1 4 _aT85.6.2010
100 3 _aSingh,Bhattacharya,
_eauthor
_9403
245 0 0 _aManagement in formation System
250 _a1 ed
264 3 1 _aNewdelhi:Discovery pub,2010
300 _a254p
336 _atext
_btxt
_2rdacontent
337 _aunmediated
_bn
_2rdamedia
338 _avolume
_bnc
_2rdacarrier
650 4 _amanagement information system
_9404
999 _aE216
_c216
_d216